000 02002cam a2200361 i 4500
001 data
005 20260322212109.0
008 data
035 _a18305730
906 _a7
_bcbc
_cpccadap
_d2
_encip
_f20
_gy-gencatlg
925 0 _aacquire
_b1 shelf copy
_xpolicy default
010 _a 2014453507
020 _a0827205341
020 _a9780827205345
035 _a(OCoLC)829386769
040 _aYDXCP
_beng
_cYDXCP
_dDLC
_dBDX
_erda
_dZCU
_dOCLCF
_dDLC
042 _apcc
050 0 0 _aBT40
_b.K365 2013
100 1 _aKang, Namsoon,
_eauthor.
245 1 0 _aCosmopolitan theology :
_breconstituting planetary hospitality, neighbor-love, and solidarity in an uneven world /
_cNamsoon Kang.
264 1 _aSt. Louis :
_bChalice Press,
_c2013.
300 _ax, 252 pages ;
_c23 cm
336 _atext
_btxt
_2rdacontent
337 _aunmediated
_bn
_2rdamedia
338 _avolume
_bnc
_2rdacarrier
504 _aIncludes bibliographical references (pages 215-236) and index.
520 _aIn Cosmopolitan Theology, author Namsoon Kang proposes a theology that embraces and at the same time moves beyond collective identity position and group-based allegiances. It crosses borders of gender, race, nationality, religion, ethnicity, sexuality, and ability. Kang offers a vision of a global community of radical inclusion, solidarity, and deep compassion and justice for others. Blending theology with philosophy, she crosses borders of academism and activism, and the discursive borders of modernism, postmodernism, feminism, and postcolonialism. Cosmopolitan Theology sheds a new light both in academia and the community of Christian believers by providing a public relevance of Jesus' teaching of neighbor-love, hospitality, and solidarity in our world today.
650 0 _aPhilosophical theology.
650 0 _aTheology.
650 7 _aPhilosophical theology.
_2fast
_0(OCoLC)fst01060773
650 7 _aTheology.
_2fast
_0(OCoLC)fst01149559
999 _c1623
_d1623